[Event "Capablanca Memorial op-A 48th"]
[Site "Havana"]
[Date "2013.04.28"]
[Round "7"]
[White "Cuenca Jimenez, Jose Fernando"]
[Black "Hernandez Noa, Rodney"]
[Result "1-0"]
[WhiteElo "2483"]
[BlackElo "2310"]
[PlyCount "77"]
[EventDate "2013.04.21"]
[EventType "swiss"]
[EventRounds "10"]
[EventCountry "CUB"]
[SourceTitle "CBM 154 Extra"]
[Source "ChessBase"]
[SourceDate "2013.06.25"]
[SourceVersion "2"]
[SourceVersionDate "2013.06.25"]
[SourceQuality "1"]

1. e4 e5 2. Nf3 Nc6 3. Bb5 a6 4. Bxc6 dxc6 5. 0-0 Bg4 6. h3 h5 7. d3 Qf6 8. Nbd2 Ne7 9. Re1 Ng6 10. d4 Nf4 11. hxg4 hxg4 12. g3 gxf3 13. Qxf3 Ne6 14. dxe5 Qxe5 15. Qf5 Qb5 16. a4 Qc5 17. Nf3 g6 18. Qxc5 Bxc5 19. Bd2 Rd8 20. Rad1 Ke7 21. Kg2 Rd7 22. Ne5 Rd6 23. Nd3 Bd4 24. f4 c5 25. f5 c4 26. Nb4 gxf5 27. exf5 a5 28. Na2 Bf6 29. fxe6 Rhd8 30. exf7+ Kxf7 31. Re2 Kg6 32. Nc3 Bxc3 33. bxc3 b5 34. axb5 a4 35. Kf3 a3 36. Rh2 a2 37. Rh6+ Kg7 38. Rxd6 Rxd6 39. Ke2 1-0

[Event "Capablanca Memorial op-A 48th"]
[Site "Havana"]
[Date "2013.04.24"]
[Round "4"]
[White "Hernandez Noa, Rodney"]
[Black "Leiva Rodriguez, Jeammarco Giuseppe"]
[Result "1-0"]
[WhiteElo "2310"]
[BlackElo "2388"]
[PlyCount "45"]
[EventDate "2013.04.21"]
[EventType "swiss"]
[EventRounds "10"]
[EventCountry "CUB"]
[SourceTitle "CBM 154 Extra"]
[Source "ChessBase"]
[SourceDate "2013.06.25"]
[SourceVersion "2"]
[SourceVersionDate "2013.06.25"]
[SourceQuality "1"]

1. d4 Nf6 2. c4 e6 3. Nf3 b6 4. g3 Bb7 5. Bg2 Be7 6. 0-0 0-0 7. d5 exd5 8. Nh4 c6 9. cxd5 Nxd5 10. Nf5 Nc7 11. e4 d5 12. Nc3 Bf6 13. exd5 cxd5 14. Bf4 Nc6 15. Bxc7 Qxc7 16. Nxd5 Qe5 17. Nxf6+ Qxf6 18. Qd7 Ba6 19. Bxc6 Rfd8 20. Ne7+ Kh8 21. Qc7 Rac8 22. Nxc8 Rxc8 23. Rfe1 1-0

[Event "Capablanca Memorial op-A 48th"]
[Site "Havana"]
[Date "2013.04.22"]
[Round "2"]
[White "Hernandez Noa, Rodney"]
[Black "Cruz de la Osa, Reider"]
[Result "1/2-1/2"]
[WhiteElo "2310"]
[BlackElo "2223"]
[PlyCount "108"]
[EventDate "2013.04.21"]
[EventType "swiss"]
[EventRounds "10"]
[EventCountry "CUB"]
[SourceTitle "CBM 154 Extra"]
[Source "ChessBase"]
[SourceDate "2013.06.25"]
[SourceVersion "2"]
[SourceVersionDate "2013.06.25"]
[SourceQuality "1"]

1. d4 Nf6 2. c4 c5 3. d5 e6 4. Nc3 exd5 5. cxd5 d6 6. e4 g6 7. Nf3 a6 8. a4 Bg4 9. Be2 Bxf3 10. Bxf3 Nbd7 11. 0-0 Bg7 12. Bf4 Qe7 13. Re1 0-0 14. a5 Rfe8 15. h3 Qf8 16. g4 h6 17. Bg3 Nh7 18. Bg2 c4 19. Bf1 Rac8 20. f3 Ne5 21. f4 Nd7 22. Ra4 g5 23. Rxc4 gxf4 24. Rxc8 Rxc8 25. Bxf4 Ne5 26. Kg2 Qd8 27. Qd2 Ng5 28. Bxe5 Bxe5 29. h4 Nh7 30. Qxh6 Qxa5 31. Re3 Qa1 32. Re2 Kh8 33. Rf2 Qe1 34. Qd2 Bxc3 35. bxc3 Qxe4+ 36. Kh3 Kg7 37. Bg2 Qe5 38. Rf3 Nf6 39. Rd3 Rc4 40. Rd4 Rxd4 41. cxd4 Qe7 42. Qg5+ Kf8 43. h5 Ng8 44. Qc1 Kg7 45. g5 a5 46. Qf4 a4 47. Be4 a3 48. Bb1 Qe1 49. h6+ Kh8 50. Qxf7 Qh1+ 51. Kg3 Qg1+ 52. Kh3 Qh1+ 53. Kg4 Qg1+ 54. Kh3 Qh1+ 1/2-1/2

[Event "Capablanca Memorial op-B 45th"]
[Site "Havana"]
[Date "2011.05.15"]
[Round "5"]
[White "Marzo Arias, Valentin"]
[Black "Hernandez Noa, Rodney"]
[Result "0-1"]
[WhiteElo "2183"]
[BlackElo "2282"]
[PlyCount "66"]
[EventDate "2011.05.11"]
[EventType "swiss"]
[EventRounds "7"]
[EventCountry "CUB"]
[SourceTitle "CBM 142 Extra"]
[Source "ChessBase"]
[SourceDate "2011.06.27"]
[SourceVersion "1"]
[SourceVersionDate "2011.06.27"]
[SourceQuality "1"]

1. e4 e5 2. Bc4 Nf6 3. Qe2 Nc6 4. Nf3 Be7 5. d3 0-0 6. c3 d6 7. Bb3 Na5 8. Bc2 c5 9. Nbd2 Ne8 10. d4 cxd4 11. cxd4 Nc6 12. dxe5 dxe5 13. 0-0 Bg4 14. Qe3 Nc7 15. h3 Be6 16. Rd1 Qc8 17. Nf1 Bf6 18. Ng3 Rd8 19. Bd2 Nd4 20. Nxd4 exd4 21. Qf3 d3 22. Bxd3 Bxb2 23. Rab1 Be5 24. Bf4 Bxf4 25. Qxf4 Ne8 26. e5 Bxa2 27. Rbc1 Qe6 28. Bxh7+ Kxh7 29. Rxd8 Rxd8 30. Nf5 Kg8 31. Qg5 f6 32. Qg6 fxe5 33. Qg4 Qf6 0-1

[Event "Capablanca Memorial op-B 45th"]
[Site "Havana"]
[Date "2011.05.11"]
[Round "1"]
[White "Montilla Reyes, Jorcerys"]
[Black "Hernandez Noa, Rodney"]
[Result "0-1"]
[WhiteElo "1986"]
[BlackElo "2282"]
[PlyCount "92"]
[EventDate "2011.05.11"]
[EventType "swiss"]
[EventRounds "7"]
[EventCountry "CUB"]
[SourceTitle "CBM 142 Extra"]
[Source "ChessBase"]
[SourceDate "2011.06.27"]
[SourceVersion "1"]
[SourceVersionDate "2011.06.27"]
[SourceQuality "1"]

1. d4 Nf6 2. c4 e6 3. Nf3 d5 4. Nc3 c6 5. e3 Nbd7 6. Bd3 dxc4 7. Bxc4 b5 8. Bd3 Bb7 9. 0-0 a6 10. e4 c5 11. d5 c4 12. Bc2 Qc7 13. dxe6 fxe6 14. Qe2 Bd6 15. Rd1 0-0 16. Bg5 Bc5 17. h3 Rae8 18. Bh4 g6 19. b3 Bb4 20. Nb1 Nh5 21. bxc4 Ne5 22. Nxe5 Qxe5 23. Nd2 Nf4 24. Qf1 Qh5 25. Nf3 Nxh3+ 26. gxh3 Rxf3 27. Bg3 Ref8 28. Rd3 Bxe4 29. Rxf3 Bxf3 30. cxb5 axb5 31. Rb1 Be2 32. Qg2 Bc5 33. Bb3 Bc4 34. Bxc4 bxc4 35. Qe4 Qd5 36. Re1 c3 37. Qc2 Qf3 38. Bh4 g5 39. Re5 Rf5 40. Rxf5 Qxf5 41. Qxf5 exf5 42. Bxg5 Ba3 43. Kg2 c2 44. Kf3 Kf7 45. Bd2 Ke6 46. Kg3 c1Q 0-1

[Event "Ciego de Avila Province-ch final"]
[Site "Ciego de Avila"]
[Date "2009.10.22"]
[Round "8"]
[White "Hernandez Noa, Rodney"]
[Black "Aragon Placencia, Jesus"]
[Result "0-1"]
[WhiteElo "2163"]
[BlackElo "2073"]
[PlyCount "66"]
[EventDate "2009.10.15"]
[EventType "tourn"]
[EventRounds "10"]
[EventCountry "CUB"]
[SourceTitle "EXT 2019"]
[Source "ChessBase"]
[SourceDate "2018.10.10"]
[SourceVersion "1"]
[SourceVersionDate "2018.10.10"]
[SourceQuality "1"]

1. d4 d5 2. Nf3 Nf6 3. c4 c6 4. Nc3 dxc4 5. a4 Bf5 6. Ne5 e6 7. f3 Bb4 8. e4 Bxe4 9. fxe4 Nxe4 10. Bd2 Qxd4 11. Nxe4 Qxe4+ 12. Qe2 Bxd2+ 13. Kxd2 Qd5+ 14. Kc2 Na6 15. Nxc4 0-0-0 16. Qe5 f6 17. Qxd5 cxd5 18. Nd2 Nb4+ 19. Kc3 Nc6 20. b4 Kd7 21. Bb5 Rc8 22. Rac1 Kd6 23. Bxc6 Rxc6+ 24. Kd3 Rhc8 25. Rxc6+ Rxc6 26. b5 Rc5 27. Rb1 b6 28. Nb3 Rc4 29. a5 Rb4 30. axb6 axb6 31. Nd2 Rxb1 32. Nxb1 Kc5 33. Nc3 f5 0-1

[Event "Ciego de Avila Province-ch final"]
[Site "Ciego de Avila"]
[Date "2009.10.18"]
[Round "4"]
[White "Hernandez Noa, Rodney"]
[Black "Castellanos Sanchez, Carlos Manuel"]
[Result "1/2-1/2"]
[WhiteElo "2163"]
[BlackElo "2293"]
[PlyCount "112"]
[EventDate "2009.10.15"]
[EventType "tourn"]
[EventRounds "10"]
[EventCountry "CUB"]
[SourceTitle "EXT 2019"]
[Source "ChessBase"]
[SourceDate "2018.10.10"]
[SourceVersion "1"]
[SourceVersionDate "2018.10.10"]
[SourceQuality "1"]

1. d4 d5 2. c4 e6 3. Nf3 c5 4. cxd5 exd5 5. Nc3 Nc6 6. g3 Nf6 7. Bg2 Be7 8. 0-0 0-0 9. b3 Ne4 10. Bb2 Bf6 11. Na4 b6 12. Rc1 Re8 13. dxc5 Bxb2 14. Nxb2 bxc5 15. Nd2 Ba6 16. Nxe4 dxe4 17. Rxc5 Qf6 18. Nc4 Rad8 19. Rd5 Nd4 20. Rxd8 Rxd8 21. Bxe4 Nf3+ 22. Bxf3 Rxd1 23. Rxd1 g6 24. Kg2 Bc8 25. Rd6 Qe7 26. Rd4 Be6 27. Ne5 Qc5 28. Nc6 h5 29. h4 Kg7 30. b4 Qb6 31. a4 Bg4 32. b5 a6 33. Bxg4 hxg4 34. Rxg4 axb5 35. axb5 Qxb5 36. Nd4 Qd7 37. Rf4 Kh6 38. Nf3 Qe7 39. e4 f6 40. e5 fxe5 41. Re4 Qb7 42. Rxe5 Qc6 43. g4 Qc4 44. Kg3 Qc7 45. Kg2 Qc4 46. Rg5 Qc6 47. Kg3 Kh7 48. h5 gxh5 49. Rxh5+ Kg8 50. Rg5+ Kh7 51. Rf5 Qc1 52. g5 Kg6 53. Rf6+ Kg7 54. Rf4 Qc3 55. Kg4 Qc8+ 56. Kg3 Qc3 1/2-1/2

[Event "Ciego de Avila Province-ch final"]
[Site "Ciego de Avila"]
[Date "2009.10.17"]
[Round "3"]
[White "Aragon Placencia, Jesus"]
[Black "Hernandez Noa, Rodney"]
[Result "0-1"]
[WhiteElo "2073"]
[BlackElo "2163"]
[PlyCount "50"]
[EventDate "2009.10.15"]
[EventType "tourn"]
[EventRounds "10"]
[EventCountry "CUB"]
[SourceTitle "EXT 2019"]
[Source "ChessBase"]
[SourceDate "2018.10.10"]
[SourceVersion "1"]
[SourceVersionDate "2018.10.10"]
[SourceQuality "1"]

1. e4 e5 2. Nc3 Nc6 3. g3 Nf6 4. Bg2 Bc5 5. Nf3 d6 6. d3 0-0 7. Be3 Bxe3 8. fxe3 Ng4 9. Qd2 f5 10. exf5 Bxf5 11. h3 Nf6 12. g4 Be6 13. 0-0-0 d5 14. Ng5 Bc8 15. e4 d4 16. Nd5 h6 17. Nxf6+ Qxf6 18. Nf3 Qe6 19. Kb1 a5 20. c3 Qd6 21. Nh4 Be6 22. Nf5 Qd7 23. Rhf1 Rf6 24. Rf2 Nb4 25. cxb4 Bxa2+ 0-1

[Event "Ciego de Avila Province-ch 1st etapa"]
[Site "Ciego de Avila"]
[Date "2009.10.04"]
[Round "2"]
[White "Ruiz Carballido, David"]
[Black "Hernandez Noa, Rodney"]
[Result "0-1"]
[WhiteElo "2038"]
[BlackElo "2163"]
[PlyCount "76"]
[EventDate "2009.09.21"]
[EventType "tourn"]
[EventRounds "14"]
[EventCountry "CUB"]
[SourceTitle "EXT 2019"]
[Source "ChessBase"]
[SourceDate "2018.10.10"]
[SourceVersion "1"]
[SourceVersionDate "2018.10.10"]
[SourceQuality "1"]

1. e4 e6 2. d4 d5 3. Nd2 c5 4. exd5 Qxd5 5. Ngf3 cxd4 6. Bc4 Qd6 7. 0-0 Nf6 8. Nb3 Nc6 9. Nbxd4 Nxd4 10. Nxd4 Qc7 11. Bd3 a6 12. Re1 Bd6 13. Nf5 Bxh2+ 14. Kh1 0-0 15. Nxg7 Kxg7 16. Qf3 Ng8 17. Qh5 f5 18. Qxh2 Qxh2+ 19. Kxh2 Nf6 20. Bf4 Ng4+ 21. Kg1 Bd7 22. c3 Rad8 23. f3 Nf6 24. Be5 Kg6 25. Bxf6 Kxf6 26. Rad1 e5 27. Bc2 Be6 28. b3 b5 29. Rxd8 Rxd8 30. Rd1 Rc8 31. Rd3 a5 32. Kf2 b4 33. c4 a4 34. Ke3 f4+ 35. Ke2 Bf5 36. Rd2 Bxc2 37. Rxc2 axb3 38. axb3 Ra8 0-1

[Event "Ciego de Avila Province-ch 1st etapa"]
[Site "Ciego de Avila"]
[Date "2009.09.26"]
[Round "1"]
[White "Aragon Placencia, Jesus"]
[Black "Hernandez Noa, Rodney"]
[Result "1/2-1/2"]
[WhiteElo "2073"]
[BlackElo "2163"]
[PlyCount "90"]
[EventDate "2009.09.21"]
[EventType "tourn"]
[EventRounds "14"]
[EventCountry "CUB"]
[SourceTitle "EXT 2019"]
[Source "ChessBase"]
[SourceDate "2018.10.10"]
[SourceVersion "1"]
[SourceVersionDate "2018.10.10"]
[SourceQuality "1"]

1. e4 e5 2. Nf3 Nc6 3. Bc4 Bc5 4. 0-0 d6 5. c3 Bb6 6. d4 Qe7 7. Bg5 f6 8. Be3 Bg4 9. d5 Nd8 10. Nbd2 g5 11. Qa4+ Kf8 12. Bd3 h5 13. h3 Qh7 14. b4 Bxf3 15. Nxf3 g4 16. Nh4 gxh3 17. gxh3 Nh6 18. Rfe1 Rg8+ 19. Kf1 Qg7 20. Bxb6 cxb6 21. Ke2 Qg5 22. Nf3 Qf4 23. Rg1 Rxg1 24. Rxg1 Ke7 25. Qc2 Ndf7 26. Qd2 Qxd2+ 27. Kxd2 Rh8 28. a4 a6 29. Rg7 Kf8 30. Rg6 Ng8 31. Rg1 Rh7 32. Be2 Ne7 33. h4 Rh6 34. c4 Ng6 35. a5 bxa5 36. bxa5 Nf4 37. Rb1 Nd8 38. Rb6 Ke7 39. c5 dxc5 40. Nxe5 Rh8 41. Nc4 Rg8 42. Ne3 Rg6 43. Nf5+ Kd7 44. Bd1 Kc7 45. Ba4 c4 1/2-1/2